000 01113 a2200325 4500
005 20250812113925.0
008 250812b |||||||| |||| 00| 0 eng d
022 _a2325744X
022 _a23257458
041 _aEn
044 _aCI
090 _bDG/A/1642
100 _aADAMA, Ouattara
100 _a BOUET, Alphonse
100 _aZADI, Florent
110 _aCentre National de Recherche Agronomique
110 _bCote d'Ivoire
242 _aEvaluation de l'effet du compost a base de paille de riz sur la tache brune du riz causee par Bipolaris oryzae en riziculture pluviale stricte
245 _aEvaluation of the effect of rice Straw-based compost on rice brown spot caused
_bby bipolaris oryzae in strict rainfed rice cultivation
260 _aJournal of Agricultural Chemistry and Environment
260 _cJuil 2025
302 _a p.307-317
388 _a2025-08-12
650 _2AGROVOC
_griz
650 _gRendement
650 _gBipolaris oryzae
650 _gCompost
650 _gTache brune
856 _uhttps://ftech.byethost7.com/wp-content/uploads/2025/08/DGA1642.pdf
999 _c5959
_d5959